[Event "Aarhus Chess House"]
[Site "Aarhus"]
[Date "2014.02.23"]
[Round "7"]
[White "Palo, Davor"]
[Black "Cuenca Jimenez, Jose Fernando"]
[Result "1-0"]
[WhiteElo "2550"]
[BlackElo "2481"]
[PlyCount "99"]
[EventDate "2014.02.17"]
[EventType "tourn"]
[EventRounds "9"]
[EventCountry "DEN"]
[EventCategory "9"]
[SourceTitle "CBM 158 Extra"]
[Source "ChessBase"]
[SourceDate "2014.02.28"]
[SourceVersion "1"]
[SourceVersionDate "2014.02.28"]
[SourceQuality "1"]

1. d4 d5 2. c4 c6 3. Nf3 Nf6 4. Nc3 a6 5. c5 Nbd7 6. Bf4 Nh5 7. Bd2 g6 8. e4
dxe4 9. Nxe4 Ndf6 10. Nc3 Bg4 11. h3 Bxf3 12. Qxf3 Qxd4 13. Be3 Qe5 14. g4 Ng7
15. O-O-O Ne6 16. Bc4 Bg7 17. Bxe6 Qxe6 18. Rhe1 O-O 19. Bd4 Qc4 20. Rxe7 Nd5
21. b3 Qb4 22. Bxg7 Kxg7 23. Nxd5 cxd5 24. Rxd5 Rae8 25. Rxe8 Rxe8 26. Kb2 Qb5
27. a4 Qc6 28. Qc3+ Kg8 29. Rd2 Rc8 30. h4 b6 31. Rd6 Qg2 32. Qg3 Qf1 33. Rxb6
Qe2+ 34. Ka3 Qd1 35. Qc3 Qxg4 36. Rxa6 Qxh4 37. Rd6 Qf4 38. Rf6 Qe4 39. b4 h5
40. a5 h4 41. Rd6 Qf4 42. Rd3 Qxf2 43. c6 Qf4 44. b5 Kh7 45. b6 Qf5 46. Rd4 Qf6
47. c7 Qe7+ 48. Rb4 Qg5 49. b7 Qxa5+ 50. Kb2 1-0

[Event "Aarhus Chess House"]
[Site "Aarhus"]
[Date "2014.02.24"]
[Round "8"]
[White "Cuenca Jimenez, Jose Fernando"]
[Black "Skytte, Rasmus"]
[Result "1-0"]
[WhiteElo "2481"]
[BlackElo "2416"]
[PlyCount "159"]
[EventDate "2014.02.17"]
[EventType "tourn"]
[EventRounds "9"]
[EventCountry "DEN"]
[EventCategory "9"]
[SourceTitle "CBM 158 Extra"]
[Source "ChessBase"]
[SourceDate "2014.02.28"]
[SourceVersion "1"]
[SourceVersionDate "2014.02.28"]
[SourceQuality "1"]

1. e4 g6 2. d4 Bg7 3. Nc3 d6 4. Nf3 a6 5. a4 Nf6 6. h3 O-O 7. Be3 Nc6 8. a5 e5
9. dxe5 dxe5 10. Bc4 Qxd1+ 11. Kxd1 Be6 12. Bxe6 fxe6 13. Kc1 Nh5 14. Ne1 Rf7
15. Nb1 Rd8 16. c3 Rfd7 17. Nd2 Bf8 18. Nef3 Nf4 19. Bxf4 exf4 20. Nb3 h6 21.
h4 Be7 22. Kc2 e5 23. h5 g5 24. Nh2 Kf7 25. Ng4 Bf8 26. Rhe1 Ke6 27. Re2 Kf7
28. Rd2 Rxd2+ 29. Nxd2 Ke6 30. Nc4 Bg7 31. f3 Bf8 32. b4 Bg7 33. Nf2 Bf8 34.
Nd3 Bd6 35. Rd1 Rg8 36. Nf2 Nd8 37. Rd5 Nf7 38. b5 Rb8 39. Ng4 c6 40. bxc6 bxc6
41. Rd1 Bc5 42. Nb2 Rb5 43. Ra1 Ke7 44. Nd3 Bd6 45. c4 Rb8 46. Kc3 c5 47. Nc1
Ke6 48. Nb3 Rc8 49. Rd1 Rc6 50. Rd5 Rc8 51. Rd1 Rb8 52. Nf2 Nd8 53. Nd3 Nb7 54.
Rb1 Rc8 55. Nd2 Nxa5 56. Ra1 Nc6 57. Rxa6 Nd4 58. Nb3 Nxb3 59. Kxb3 Kd7 60.
Ra7+ Ke6 61. Rg7 Rh8 62. Kc3 Kf6 63. Rg6+ Ke7 64. Nf2 Bc7 65. Ng4 Ba5+ 66. Kc2
Rd8 67. Nxh6 Rd2+ 68. Kb3 Rxg2 69. Nf5+ Kf7 70. Rg7+ Kf6 71. h6 Rf2 72. Rg8
Rxf3+ 73. Ka4 Rh3 74. Kxa5 f3 75. Rf8+ Ke6 76. Ne3 Rxh6 77. Rxf3 Rh4 78. Nd5
Rxe4 79. Rf6+ Kd7 80. Kb5 1-0

[Event "Aarhus Chess House"]
[Site "Aarhus"]
[Date "2014.02.26"]
[Round "9"]
[White "Trent, Lawrence"]
[Black "Cuenca Jimenez, Jose Fernando"]
[Result "0-1"]
[WhiteElo "2424"]
[BlackElo "2481"]
[PlyCount "39"]
[EventDate "2014.02.17"]
[EventType "tourn"]
[EventRounds "9"]
[EventCountry "DEN"]
[EventCategory "9"]
[SourceTitle "CBM 158 Extra"]
[Source "ChessBase"]
[SourceDate "2014.02.28"]
[SourceVersion "1"]
[SourceVersionDate "2014.02.28"]
[SourceQuality "1"]

1. e4 e5 2. Nf3 Nc6 3. Bb5 Nf6 4. Qe2 a6 5. Ba4 b5 6. Bb3 Bc5 7. c3 O-O 8. O-O
Re8 9. a4 Bb7 10. axb5 axb5 11. Rxa8 Qxa8 12. Qxb5 Nxe4 13. Bxf7+ Kxf7 14. Qc4+
Kf8 15. Qxe4 Nd4 16. Qxh7 Ne2+ 17. Kh1 Nf4 18. Qf5+ Kg8 19. Qg4 Re6 20. d4 0-1

[Event "Hamburg HSK"]
[Site "Hamburg"]
[Date "2014.03.07"]
[Round "2"]
[White "Cuenca Jimenez, Jose Fernando"]
[Black "Bracker, Frank"]
[Result "1-0"]
[WhiteElo "2481"]
[BlackElo "2389"]
[PlyCount "67"]
[EventDate "2014.03.06"]
[EventType "tourn"]
[EventRounds "9"]
[EventCountry "GER"]
[EventCategory "8"]
[SourceTitle "CBM 159 Extra"]
[Source "ChessBase"]
[SourceDate "2014.04.24"]
[SourceVersion "1"]
[SourceVersionDate "2014.04.24"]
[SourceQuality "1"]

1. e4 c5 2. Nf3 d6 3. d4 cxd4 4. Nxd4 Nf6 5. Nc3 a6 6. h3 e6 7. g4 Be7 8. Bg2
Nfd7 9. O-O Nc6 10. Be3 O-O 11. Kh1 Nde5 12. f4 Nc4 13. Bc1 Nxd4 14. Qxd4 b5
15. b3 Nb6 16. Bb2 Nd7 17. Nd5 e5 18. Qd2 Bb7 19. Nxe7+ Qxe7 20. f5 Rfd8 21.
Rad1 f6 22. Bc3 Nc5 23. Ba5 Rd7 24. Qe3 Rc8 25. Rd2 Ba8 26. Rfd1 Bc6 27. Kh2
Rb8 28. Bb4 Nb7 29. Qb6 Rc8 30. Qxa6 g5 31. fxg6 hxg6 32. Qb6 Kg7 33. Qe3 Nc5
34. Rxd6 1-0

[Event "Hamburg HSK"]
[Site "Hamburg"]
[Date "2014.03.08"]
[Round "3"]
[White "Svane, Rasmus"]
[Black "Cuenca Jimenez, Jose Fernando"]
[Result "1/2-1/2"]
[WhiteElo "2477"]
[BlackElo "2481"]
[PlyCount "130"]
[EventDate "2014.03.06"]
[EventType "tourn"]
[EventRounds "9"]
[EventCountry "GER"]
[EventCategory "8"]
[SourceTitle "CBM 159 Extra"]
[Source "ChessBase"]
[SourceDate "2014.04.24"]
[SourceVersion "1"]
[SourceVersionDate "2014.04.24"]
[SourceQuality "1"]

1. d4 Nf6 2. c4 c5 3. d5 b5 4. cxb5 a6 5. bxa6 g6 6. Nc3 Bxa6 7. e4 Bxf1 8.
Kxf1 d6 9. Nf3 Bg7 10. g3 O-O 11. Kg2 Nbd7 12. a4 Ra6 13. Qc2 Qa8 14. Ra3 e6
15. dxe6 fxe6 16. Re1 d5 17. exd5 exd5 18. Nb5 Qb7 19. Ng5 Re8 20. Rxe8+ Nxe8
21. Qe2 Ndf6 22. Bf4 Bf8 23. Ne6 Qe7 24. Re3 Rxa4 25. Nec7 Re4 26. Nxd5 Qe6 27.
Nxf6+ Nxf6 28. Rxe4 Qxe4+ 29. Qxe4 Nxe4 30. Kf3 Nf6 31. Be5 Nd7 32. Bc3 Kf7 33.
Ke4 Ke6 34. Nc7+ Kd6 35. Nd5 Ke6 36. f4 Bd6 37. Ne3 Bc7 38. Nc4 Bd8 39. g4 Bf6
40. f5+ gxf5+ 41. gxf5+ Ke7 42. Kd5 Bxc3 43. bxc3 h5 44. h4 Kf6 45. Kd6 Nf8 46.
Ne3 c4 47. Kd5 Nd7 48. Kxc4 Ke5 49. Kd3 Nc5+ 50. Ke2 Ne4 51. c4 Kf4 52. Kd3 Ke5
53. Nf1 Nc5+ 54. Ke3 Kxf5 55. Kf3 Ke5 56. Ng3 Ne6 57. Nxh5 Nd4+ 58. Kg4 Nf5 59.
Nf4 Nxh4 60. Nd3+ Kd4 61. c5 Ng6 62. Kf5 Ne7+ 63. Ke6 Nc6 64. Kd6 Na5 65. c6
Nxc6 1/2-1/2

[Event "Hamburg HSK"]
[Site "Hamburg"]
[Date "2014.03.08"]
[Round "4"]
[White "Cuenca Jimenez, Jose Fernando"]
[Black "Lampert, Jonas"]
[Result "1-0"]
[WhiteElo "2481"]
[BlackElo "2359"]
[PlyCount "107"]
[EventDate "2014.03.06"]
[EventType "tourn"]
[EventRounds "9"]
[EventCountry "GER"]
[EventCategory "8"]
[SourceTitle "CBM 159 Extra"]
[Source "ChessBase"]
[SourceDate "2014.04.24"]
[SourceVersion "1"]
[SourceVersionDate "2014.04.24"]
[SourceQuality "1"]

1. c4 e5 2. g3 Nf6 3. Bg2 Nc6 4. Nc3 Bc5 5. e3 a6 6. Nge2 O-O 7. O-O d6 8. a3
Bf5 9. d3 Qd7 10. b4 Ba7 11. d4 exd4 12. exd4 h6 13. Re1 Rfe8 14. Be3 Ng4 15.
Qd2 Nxe3 16. fxe3 Nd8 17. Nf4 c6 18. Kh1 Ne6 19. Nd3 Ng5 20. Nf2 Nh3 21. Rad1
Re7 22. c5 d5 23. e4 Nxf2+ 24. Qxf2 Bxe4 25. Nxe4 dxe4 26. Rxe4 Rd8 27. d5 Rxe4
28. Bxe4 Qg4 29. Rd4 Qg5 30. dxc6 bxc6 31. Rxd8+ Qxd8 32. Bxc6 Qd3 33. Qf3 Qd8
34. Bd5 Qc7 35. Qe4 Kf8 36. Bc4 a5 37. Kg2 axb4 38. axb4 Qd7 39. Qd5 Qc7 40.
Qa8+ Ke7 41. Bd5 Kf6 42. Qe8 h5 43. Qe2 g6 44. Qb2+ Qe5 45. Qxe5+ Kxe5 46. Bxf7
h4 47. gxh4 Kd4 48. Bxg6 Kc4 49. h5 Kxb4 50. c6 Bb8 51. h6 Kc5 52. h7 Be5 53.
c7 Bxc7 54. h8=Q 1-0

[Event "Hamburg HSK"]
[Site "Hamburg"]
[Date "2014.03.09"]
[Round "5"]
[White "Souleidis, Georgios"]
[Black "Cuenca Jimenez, Jose Fernando"]
[Result "1-0"]
[WhiteElo "2420"]
[BlackElo "2481"]
[PlyCount "80"]
[EventDate "2014.03.06"]
[EventType "tourn"]
[EventRounds "9"]
[EventCountry "GER"]
[EventCategory "8"]
[SourceTitle "CBM 159 Extra"]
[Source "ChessBase"]
[SourceDate "2014.04.24"]
[SourceVersion "1"]
[SourceVersionDate "2014.04.24"]
[SourceQuality "1"]

1. e4 e5 2. Nf3 Nc6 3. Bc4 Bc5 4. c3 Nf6 5. d4 exd4 6. cxd4 Bb4+ 7. Bd2 Nxe4 8.
Bxb4 Nxb4 9. Bxf7+ Kxf7 10. Qb3+ Kf8 11. Qxb4+ Qe7 12. Qxe7+ Kxe7 13. O-O d5
14. Re1 Kd6 15. Nc3 Nxc3 16. bxc3 Bd7 17. Ne5 Be6 18. Re3 Rhf8 19. Rae1 Rf6 20.
g4 g5 21. Kg2 b6 22. Kg3 Raf8 23. f3 c5 24. h4 gxh4+ 25. Kxh4 h6 26. Kg3 Rg8
27. Rh1 Rc8 28. f4 cxd4 29. cxd4 Rg8 30. Kf3 Rg7 31. f5 Bc8 32. Kf4 Kc7 33.
Rc3+ Kb7 34. Rhc1 Rf8 35. Rxc8 Rxc8 36. Rxc8 Kxc8 37. f6 Rg8 38. f7 Rf8 39. Kf5
b5 40. Kf6 a5 1-0

[Event "Hamburg HSK"]
[Site "Hamburg"]
[Date "2014.03.10"]
[Round "6"]
[White "Cuenca Jimenez, Jose Fernando"]
[Black "Movsziszian, Karen"]
[Result "1/2-1/2"]
[WhiteElo "2481"]
[BlackElo "2500"]
[PlyCount "131"]
[EventDate "2014.03.06"]
[EventType "tourn"]
[EventRounds "9"]
[EventCountry "GER"]
[EventCategory "8"]
[SourceTitle "CBM 159 Extra"]
[Source "ChessBase"]
[SourceDate "2014.04.24"]
[SourceVersion "1"]
[SourceVersionDate "2014.04.24"]
[SourceQuality "1"]

1. e4 g6 2. d4 Bg7 3. Nf3 d6 4. Nc3 a6 5. a4 Nc6 6. h3 Nf6 7. Be3 O-O 8. a5 e5
9. dxe5 dxe5 10. Bc4 Qe7 11. O-O Be6 12. Qe2 Rfd8 13. Bxe6 Qxe6 14. Ra4 Rd7 15.
Nb1 Nh5 16. c3 Nf4 17. Qc2 h6 18. Nbd2 Nd3 19. Ne1 Rad8 20. Nxd3 Rxd3 21. Nb3
Bf8 22. Bc5 Bg7 23. Be3 Bf8 24. Bc5 Bg7 25. Be3 Bf8 26. Nc1 R3d7 27. Qb3 Qxb3
28. Nxb3 Rd1 29. Ra1 R1d3 30. Nc1 Rd1 31. Nb3 R1d3 32. Rfe1 h5 33. Kf1 f5 34.
f3 R8d7 35. Ke2 Kf7 36. Ra4 Be7 37. Bf2 Bg5 38. Kf1 Rd1 39. Ra1 Rxa1 40. Rxa1
Nd8 41. Re1 Bf6 42. Bg3 f4 43. Bf2 Ne6 44. Ke2 Be7 45. Nc1 Bc5 46. Nb3 Bxf2 47.
Kxf2 g5 48. Ke2 Kf6 49. Nd2 Rg7 50. Rh1 Rd7 51. Nc4 Nf8 52. Rd1 Ke6 53. Nd2 Ng6
54. Rg1 Rd6 55. Nb3 b6 56. Ra1 Nh4 57. axb6 cxb6 58. Rxa6 Nxg2 59. c4 Ne3 60.
c5 bxc5 61. Nxc5+ Ke7 62. Ra7+ Kf6 63. Nd7+ Ke6 64. Nc5+ Kf6 65. Nd7+ Ke6 66.
Nc5+ 1/2-1/2

[Event "Hamburg HSK"]
[Site "Hamburg"]
[Date "2014.03.11"]
[Round "7"]
[White "Ftacnik, Lubomir"]
[Black "Cuenca Jimenez, Jose Fernando"]
[Result "1-0"]
[WhiteElo "2543"]
[BlackElo "2481"]
[PlyCount "79"]
[EventDate "2014.03.06"]
[EventType "tourn"]
[EventRounds "9"]
[EventCountry "GER"]
[EventCategory "8"]
[SourceTitle "CBM 159 Extra"]
[Source "ChessBase"]
[SourceDate "2014.04.24"]
[SourceVersion "1"]
[SourceVersionDate "2014.04.24"]
[SourceQuality "1"]

1. Nf3 c5 2. c4 b6 3. g3 Bb7 4. Bg2 g6 5. O-O Nf6 6. Nc3 Bg7 7. d4 cxd4 8. Qxd4
d6 9. Rd1 Nbd7 10. Be3 Rc8 11. Rac1 a6 12. b3 O-O 13. Qh4 Rc7 14. Bh3 Qb8 15.
Ne1 Ba8 16. Bg5 b5 17. Nd5 Nxd5 18. cxd5 Nf6 19. e4 Qb6 20. Nf3 Rxc1 21. Rxc1
Qa5 22. Nd4 Qxa2 23. Nc6 Qb2 24. Nxe7+ Kh8 25. Nc8 Ne8 26. Nb6 Bb7 27. Nd7 Rg8
28. Be3 a5 29. Qe7 f5 30. Nb6 Qxb3 31. Qxb7 a4 32. exf5 a3 33. fxg6 a2 34. gxh7
Rf8 35. Qe7 Qb2 36. Nd7 Qxc1+ 37. Bxc1 a1=Q 38. Nxf8 Qxc1+ 39. Kg2 Qh6 40. Ne6
1-0

[Event "Hamburg HSK"]
[Site "Hamburg"]
[Date "2014.03.12"]
[Round "8"]
[White "Cuenca Jimenez, Jose Fernando"]
[Black "Zaragatski, Ilja"]
[Result "1/2-1/2"]
[WhiteElo "2481"]
[BlackElo "2488"]
[PlyCount "87"]
[EventDate "2014.03.06"]
[EventType "tourn"]
[EventRounds "9"]
[EventCountry "GER"]
[EventCategory "8"]
[SourceTitle "CBM 159 Extra"]
[Source "ChessBase"]
[SourceDate "2014.04.24"]
[SourceVersion "1"]
[SourceVersionDate "2014.04.24"]
[SourceQuality "1"]

1. c4 e5 2. g3 Nf6 3. Bg2 d5 4. cxd5 Nxd5 5. Nc3 Nb6 6. e3 Nc6 7. Nge2 Bf5 8.
d4 Bd6 9. d5 Ne7 10. e4 Bd7 11. a4 O-O 12. O-O c6 13. a5 Nbc8 14. Qb3 b5 15.
dxc6 Bxc6 16. Nd5 Rb8 17. Nb4 Bd7 18. Na6 Rb7 19. Be3 Be6 20. Qc2 b4 21. Rfd1
Qe8 22. Bc5 Qc6 23. Bf1 Rb5 24. Qa4 Bxc5 25. Nc3 Qxa6 26. Nxb5 Qb7 27. Rac1 Bd4
28. Nxd4 exd4 29. Rxd4 b3 30. Rb4 Qa8 31. Rc7 f5 32. Rbb7 fxe4 33. Qxe4 Bd5 34.
Bc4 Bxc4 35. Qxc4+ Kh8 36. Qxb3 Nf5 37. Rf7 Rxf7 38. Qxf7 Ncd6 39. Rxa7 Qc8 40.
Rc7 Qb8 41. Qd7 h5 42. a6 Qxb2 43. Qc6 Qe2 44. a7 1/2-1/2

[Event "Hamburg HSK"]
[Site "Hamburg"]
[Date "2014.03.13"]
[Round "9"]
[White "Colpe, Malte"]
[Black "Cuenca Jimenez, Jose Fernando"]
[Result "0-1"]
[WhiteElo "2351"]
[BlackElo "2481"]
[PlyCount "104"]
[EventDate "2014.03.06"]
[EventType "tourn"]
[EventRounds "9"]
[EventCountry "GER"]
[EventCategory "8"]
[SourceTitle "CBM 159 Extra"]
[Source "ChessBase"]
[SourceDate "2014.04.24"]
[SourceVersion "1"]
[SourceVersionDate "2014.04.24"]
[SourceQuality "1"]

1. d4 g6 2. c4 Bg7 3. e4 d6 4. Nc3 Nc6 5. d5 Nd4 6. Be3 c5 7. Nge2 Qb6 8. Nxd4
cxd4 9. Na4 Qa5+ 10. Bd2 Qc7 11. Bd3 Nf6 12. O-O Ng4 13. b3 O-O 14. Rc1 a5 15.
Bb1 Bd7 16. Nb2 Qb6 17. h3 Nf6 18. Qe2 e5 19. Nd3 Rfe8 20. Kh1 Rac8 21. Qe1 a4
22. b4 Qd8 23. f3 Qe7 24. a3 Rc7 25. Ba2 b6 26. b5 Bc8 27. Nb2 Ra7 28. Bb1 Nd7
29. Bc2 Nc5 30. Qd1 Qh4 31. Be1 Qh6 32. Bd2 Qh5 33. Kh2 Bh6 34. Bxh6 Qxh6 35.
Nd3 Nxd3 36. Qxd3 Qf4+ 37. Kh1 f5 38. Rcd1 Rf8 39. Kg1 Qg5 40. Qd2 f4 41. Kh1
Qf6 42. Rb1 h5 43. Rb4 g5 44. Rxa4 Rh7 45. Kg1 g4 46. Kf2 gxh3 47. gxh3 Bxh3
48. Rg1+ Rg7 49. Qd1 Qh4+ 50. Ke2 Bg2 51. Kd2 Qf2+ 52. Kc1 h4 0-1

[Event "Capablanca Memorial op 49th"]
[Site "Havana"]
[Date "2014.05.08"]
[Round "1"]
[White "Cuenca Jimenez, Jose Fernando"]
[Black "Leon Valdes, Jony Wilson"]
[Result "1-0"]
[WhiteElo "2489"]
[BlackElo "2306"]
[PlyCount "137"]
[EventDate "2014.04.08"]
[EventType "swiss"]
[EventRounds "10"]
[EventCountry "CUB"]
[SourceTitle "CBM 160 Extra"]
[Source "ChessBase"]
[SourceDate "2014.07.01"]
[SourceVersion "1"]
[SourceVersionDate "2014.07.01"]
[SourceQuality "1"]

1. c4 e6 2. Nf3 d5 3. b3 Nf6 4. g3 b6 5. Bg2 Bb7 6. O-O Nbd7 7. Bb2 c5 8. e3
Be7 9. Nc3 O-O 10. Qe2 Rc8 11. d3 Re8 12. Nh4 Bf8 13. f4 Bc6 14. e4 d4 15. Nd1
e5 16. f5 a6 17. Nf2 b5 18. Nf3 h6 19. Bc1 Be7 20. Bd2 Qc7 21. Rac1 Qd6 22. h4
Nh7 23. g4 f6 24. Nh3 Ndf8 25. Rf2 bxc4 26. Rxc4 a5 27. Bf1 Bb5 28. Rc1 a4 29.
Rg2 axb3 30. axb3 Rc6 31. Qf2 Qb8 32. Qg3 Qc7 33. g5 hxg5 34. hxg5 fxg5 35.
Qxe5 Qxe5 36. Nxe5 Rb6 37. Nf3 Ba6 38. Ra1 Bb7 39. Nhxg5 Rxb3 40. Nxh7 Nxh7 41.
Bh6 Bf6 42. Nd2 Rb2 43. Bf4 Nf8 44. Nc4 Rxg2+ 45. Bxg2 Ra8 46. Rb1 Bc6 47. Rb6
Ra1+ 48. Kh2 Ba8 49. Rb8 Be7 50. Nb6 Bc6 51. Rc8 Bb5 52. Nd5 Ra7 53. Nxe7+ Rxe7
54. Bd6 Re8 55. Rxe8 Bxe8 56. Bxc5 g6 57. Kg3 Bb5 58. Bf1 Nh7 59. fxg6 Ng5 60.
Bxd4 Nxe4+ 61. Kf4 Nd6 62. Bg2 Ne8 63. Bd5+ Kf8 64. Bc4 Bd7 65. Kg5 Ng7 66.
Bc5+ Ke8 67. Bf7+ Kd8 68. Kh6 Nf5+ 69. Kh7 1-0

[Event "Capablanca Memorial op 49th"]
[Site "Havana"]
[Date "2014.05.09"]
[Round "2"]
[White "Mendez Fortes, Eduardo Jesus"]
[Black "Cuenca Jimenez, Jose Fernando"]
[Result "0-1"]
[WhiteElo "2347"]
[BlackElo "2489"]
[PlyCount "98"]
[EventDate "2014.04.08"]
[EventType "swiss"]
[EventRounds "10"]
[EventCountry "CUB"]
[SourceTitle "CBM 160 Extra"]
[Source "ChessBase"]
[SourceDate "2014.07.01"]
[SourceVersion "1"]
[SourceVersionDate "2014.07.01"]
[SourceQuality "1"]

1. e4 e6 2. d4 d5 3. Nd2 Nc6 4. Ngf3 Nf6 5. e5 Nd7 6. Nb3 a5 7. a4 Be7 8. h4 h6
9. Rh3 b6 10. Be3 Ba6 11. Bxa6 Rxa6 12. Nc1 Ra8 13. Nd3 Qb8 14. Nd2 b5 15. c3
Qb7 16. h5 bxa4 17. Qxa4 Rb8 18. Qc2 Qb5 19. b3 Qb6 20. Rg3 Bf8 21. Rf3 Nd8 22.
Qa2 Nb7 23. Qa4 c6 24. Rb1 Qc7 25. Kf1 Be7 26. Rg3 Bf8 27. Kg1 Nb6 28. Qa2 Nc8
29. Bf4 Ne7 30. Rf3 Nf5 31. g4 Ne7 32. b4 axb4 33. cxb4 Nc8 34. Qc2 Qd7 35. Nc5
Nxc5 36. bxc5 Rxb1+ 37. Qxb1 Be7 38. Rb3 O-O 39. Rb8 Qa7 40. Qb7 Qa1+ 41. Nf1
Na7 42. Rxf8+ Bxf8 43. Be3 Nb5 44. Qxc6 Nxd4 45. Qc8 Nf3+ 46. Kg2 Nh4+ 47. Kg1
Qd1 48. Qd8 Qxg4+ 49. Ng3 Qh3 0-1

[Event "Capablanca Memorial op 49th"]
[Site "Havana"]
[Date "2014.05.10"]
[Round "3"]
[White "Cuenca Jimenez, Jose Fernando"]
[Black "Quesada Vera, Liordis"]
[Result "1-0"]
[WhiteElo "2489"]
[BlackElo "2440"]
[PlyCount "166"]
[EventDate "2014.04.08"]
[EventType "swiss"]
[EventRounds "10"]
[EventCountry "CUB"]
[SourceTitle "CBM 160 Extra"]
[Source "ChessBase"]
[SourceDate "2014.07.01"]
[SourceVersion "1"]
[SourceVersionDate "2014.07.01"]
[SourceQuality "1"]

1. c4 e5 2. g3 Nc6 3. Bg2 g6 4. Nc3 Bg7 5. d3 d6 6. e4 Be6 7. Nge2 Nge7 8. Nd5
O-O 9. O-O Rb8 10. Be3 Nd4 11. Nxd4 exd4 12. Bg5 f6 13. Bd2 c6 14. Nf4 Bd7 15.
Qa4 b6 16. b4 c5 17. Qb3 Nc6 18. b5 Ne5 19. Nd5 Be6 20. f4 Nf7 21. a4 Qd7 22.
a5 Bxd5 23. cxd5 Rb7 24. Qc4 Rfb8 25. Rfb1 Bf8 26. a6 Rc7 27. Rf1 Re8 28. Rae1
Bg7 29. Bf3 Qh3 30. Bg2 Qg4 31. Rf3 Rce7 32. h3 Qd7 33. Kh2 Kh8 34. Rf2 Nh6 35.
Rfe2 Ng8 36. Bf3 Nh6 37. Bc1 Qc7 38. Kg2 Qd7 39. Bd2 Qc7 40. Rh1 Qd7 41. Kf2
Rg8 42. Ke1 Bf8 43. Kd1 Qe8 44. Kc2 g5 45. Kb3 gxf4 46. Bxf4 Nf7 47. Bh5 Qd7
48. Bxf7 Rxf7 49. Qa4 Rg6 50. g4 Bh6 51. Bh2 Bg5 52. Kc4 h5 53. gxh5 Rh6 54. h4
Be3 55. Qd1 f5 56. Rg2 fxe4 57. dxe4 Kh7 58. Rf1 Qe8 59. e5 Qf8 60. Rxf7+ Qxf7
61. Qd3+ Kh8 62. exd6 Rxh5 63. Qe4 Qf1+ 64. Kb3 Qxb5+ 65. Kc2 d3+ 66. Qxd3 Qa4+
67. Kb1 Bd4 68. Ra2 Qb4+ 69. Kc2 Rxd5 70. Qb3 Qxb3+ 71. Kxb3 b5 72. Re2 Kg7 73.
Re7+ Kf6 74. Rb7 c4+ 75. Kb4 Be3 76. Rxb5 Rxb5+ 77. Kxb5 c3 78. d7 Ke7 79. Kc6
c2 80. Bd6+ Ke6 81. Ba3 Bb6 82. h5 Bd8 83. h6 Be7 1-0

[Event "Capablanca Memorial op 49th"]
[Site "Havana"]
[Date "2014.05.11"]
[Round "4"]
[White "Oliva Castaneda, Kevel"]
[Black "Cuenca Jimenez, Jose Fernando"]
[Result "0-1"]
[WhiteElo "2428"]
[BlackElo "2489"]
[PlyCount "60"]
[EventDate "2014.04.08"]
[EventType "swiss"]
[EventRounds "10"]
[EventCountry "CUB"]
[SourceTitle "CBM 160 Extra"]
[Source "ChessBase"]
[SourceDate "2014.07.01"]
[SourceVersion "1"]
[SourceVersionDate "2014.07.01"]
[SourceQuality "1"]

1. d4 Nf6 2. c4 d6 3. Nc3 e5 4. Nf3 e4 5. Ng5 Qe7 6. Qc2 Bf5 7. g4 Nxg4 8.
Ngxe4 Nc6 9. e3 g6 10. Bg2 Bg7 11. Nd5 Qd8 12. h3 Nh6 13. b4 O-O 14. b5 Nb8 15.
Qd2 Be6 16. Qa5 Bxd5 17. cxd5 f5 18. Nd2 f4 19. Nf3 Nf5 20. Qc3 fxe3 21. fxe3
Ng3 22. Rg1 Nd7 23. h4 Nc5 24. Qc2 Nce4 25. h5 gxh5 26. Bb2 h4 27. O-O-O h3 28.
Bh1 Qe7 29. Qh2 Nxh1 30. Qxh3 Nhf2 0-1

[Event "Capablanca Memorial op 49th"]
[Site "Havana"]
[Date "2014.05.12"]
[Round "5"]
[White "Obregon Rivero, Juan Carlos"]
[Black "Cuenca Jimenez, Jose Fernando"]
[Result "1/2-1/2"]
[WhiteElo "2509"]
[BlackElo "2489"]
[PlyCount "79"]
[EventDate "2014.04.08"]
[EventType "swiss"]
[EventRounds "10"]
[EventCountry "CUB"]
[SourceTitle "CBM 160 Extra"]
[Source "ChessBase"]
[SourceDate "2014.07.01"]
[SourceVersion "1"]
[SourceVersionDate "2014.07.01"]
[SourceQuality "1"]

1. Nf3 Nf6 2. g3 g6 3. Bg2 Bg7 4. O-O O-O 5. d4 d5 6. c4 dxc4 7. Na3 Nc6 8.
Nxc4 Be6 9. b3 Bd5 10. Bb2 a5 11. a4 Qb8 12. Nce5 Rd8 13. Rc1 Nxe5 14. Nxe5
Bxg2 15. Kxg2 Nd7 16. Nd3 c6 17. Qc2 Qd6 18. e3 e5 19. dxe5 Nxe5 20. Nxe5 Bxe5
21. Rfd1 Qc7 22. Ba3 Bd6 23. Bb2 Be5 24. Ba3 Bd6 25. Bxd6 Rxd6 26. Rxd6 Qxd6
27. Rd1 Qe7 28. Qd2 Qe4+ 29. f3 Qe6 30. Qc3 Re8 31. Rd3 Qe5 32. Kf2 Qxc3 33.
Rxc3 Rd8 34. e4 Rd6 35. Ke3 Kf8 36. h4 Ke7 37. h5 gxh5 38. Rc5 Rd7 39. Rxa5 Rd6
40. Rxh5 1/2-1/2

[Event "Capablanca Memorial op 49th"]
[Site "Havana"]
[Date "2014.05.14"]
[Round "6"]
[White "Cuenca Jimenez, Jose Fernando"]
[Black "Leyva Rivera, Yunier"]
[Result "0-1"]
[WhiteElo "2489"]
[BlackElo "2417"]
[PlyCount "181"]
[EventDate "2014.04.08"]
[EventType "swiss"]
[EventRounds "10"]
[EventCountry "CUB"]
[SourceTitle "CBM 160 Extra"]
[Source "ChessBase"]
[SourceDate "2014.07.01"]
[SourceVersion "1"]
[SourceVersionDate "2014.07.01"]
[SourceQuality "1"]

1. c4 Nf6 2. Nc3 e6 3. Nf3 d5 4. d4 Be7 5. Bg5 O-O 6. e3 h6 7. Bh4 Ne4 8. Bxe7
Qxe7 9. Rc1 Nxc3 10. Rxc3 c6 11. Bd3 Nd7 12. O-O dxc4 13. Bxc4 b6 14. Bd3 c5
15. Be4 Rb8 16. Qa4 Bb7 17. Bxb7 Rxb7 18. Rfc1 Rc8 19. Qc2 a5 20. a3 Rd8 21. h3
Qe8 22. dxc5 Nxc5 23. b4 axb4 24. axb4 Na6 25. Qb2 Qf8 26. Rb3 b5 27. Nd4 Rc8
28. Ra1 Rb6 29. Rb1 Rc4 30. Qa3 Nc7 31. R3b2 Ra6 32. Qd3 Nd5 33. Nxb5 Rxb4 34.
Rxb4 Nxb4 35. Qc4 Nd5 36. e4 Nf4 37. e5 Ng6 38. Nc7 Ra7 39. Nb5 Rb7 40. Re1 Qb8
41. Nc3 Rb2 42. Qd4 Qb4 43. Qd8+ Kh7 44. Qd3 Qc5 45. Re3 Kg8 46. Qd8+ Qf8 47.
Qc7 Qb8 48. Qxb8+ Rxb8 49. Ne2 Rb1+ 50. Kh2 Ne7 51. Nd4 g5 52. Nf3 Rb2 53. Kg1
Nd5 54. Re4 Nc3 55. Rg4 Nd1 56. Rd4 Nxf2 57. Nd2 Nd1 58. Ne4 Rb1 59. Kh2 h5 60.
Rd8+ Kg7 61. Nd6 Ne3 62. Ne8+ Kg6 63. Nd6 Kg7 64. Ne8+ Kh6 65. Nd6 Rb2 66.
Nxf7+ Kg7 67. Rd7 Kg6 68. Kg3 Nxg2 69. Nd8 Nf4 70. Nc6 Rb3+ 71. Kf2 Nxh3+ 72.
Kf1 g4 73. Nd4 Rb1+ 74. Kg2 Re1 75. Nxe6 Rxe5 76. Rd6 Kf5 77. Ng7+ Kg5 78. Kf1
Nf4 79. Rd8 Kg6 80. Ne8 Ne6 81. Ra8 Rd5 82. Ra6 Kf5 83. Nd6+ Kf4 84. Nc4 Rd4
85. Na3 Ng5 86. Nc2 Rd2 87. Ne1 Kg3 88. Rf6 h4 89. Rf5 h3 90. Kg1 Rd1 91. Re5
0-1